Logo BPK

Biblioteka

Politechniki Koszalińskiej

Układy wtryskowe benzyny. (Rekord nr 54102)

Szczegóły MARC
000 -ETYKIETA REKORDU
podpole kontrolne o stałej długości 00941nam a2200229 i 4500
001 - NUMER KONTROLNY REKORDU
pole kontrolne bg
020 ## - MIĘDZYNARODOWY ZNORMALIZOWANY NUMER KSIĄŻKI - ISBN
ISBN 8385243720
040 ## - ŹRÓDŁO KATALOGOWANIA
Instytucja, która utworzyła rekord BPK
041 1# - KOD JĘZYKA
Kod języka tekstu pol
Kod języka oryginału ita
044 ## - KOD KRAJU WYDAWCY/PRODUCENTA
Kod kraju wydawcy/producenta POL
080 ## - UNIWERSALNA KLASYFIKACJA DZIESIĘTNA - UKD
UKD 629.331:621.43
920 ## - Międzynarodowy znormalizowany numer książki – ISBN
ISBN 83-85243-72-0
008 - POLE O STAŁEJ DŁUGOŚCI - DANE KONTROLNE
podpole kontrolne o stałej długości s pl f |000 0 pol
245 00 - TYTUŁ/ODPOWIEDZIALNOŚĆ
Tytuł Układy wtryskowe benzyny.
Oznaczenie części/sekcji dzieła T. 5,
Tytuł części/sekcji dzieła Ford/Weber C.F.I., GM Multec S.P.I., Bosch Mono-Jetronic, Bosch Mono-Motronic /
Daty powstawania dzieła [tł. z jęz. włos. Anna Tylusińska-Kowalska].
260 ## - STREFA ADRESU WYDAWNICZEGO
Miejsce wydania Warszawa :
Nazwa wydawcy/dystrybutora Wydawnictwo AUTO,
Data publikacji, dystrybucji/powstania dokumentu 1997.
300 ## - STREFA OPISU FIZYCZNEGO
Objętość 102 s. :
Inne cechy fizyczne fot., rys. ;
Rozmiary 29 cm.
500 ## - UWAGI OGÓLNE
Tekst uwagi Dla samochodów : Citroën AX, Fiat Tempra, Fiat Tipo, Fiat Uno, Ford Escort, Ford Fiesta, Lancia Dedra, Lancia Y, Opel Astra, Opel Corsa, Opel Kadett, Opel Vectra, Peugeot 205, Peugeot 306, Volksvagen Passat.
650 #9 - HASŁO PRZEDMIOTOWE W FORMIE NAZWY OGÓLNEJ LUB JEDNOSTKOWEJ
Nazwa ogólna lub geograficzna Samochody osobowe
Określnik ogólny napęd
650 #9 - HASŁO PRZEDMIOTOWE W FORMIE NAZWY OGÓLNEJ LUB JEDNOSTKOWEJ
Nazwa ogólna lub geograficzna Silniki spalinowe
Określnik ogólny urządzenia
700 1# - HASŁO DODATKOWE - NAZWA OSOBOWA
Nazwa osobowa Tylusińska-Kowalska, Anna.
Określenie związku między hasłem a opisywanym materiałem Tł.
856 ## - LOKALIZACJA I DOSTĘP DO ELEKTRONICZNYCH DOKUMENTÓW ZDALNYCH
Link (URL) http://koha.tu.koszalin.pl/cgi-bin/koha/opac-detail.pl?biblionumber=54102
Tekst linku Katalog online BPK
942 ## - DODATKOWE ELEMENTY (KOHA)
Typ dokumentu Książka
Egzemplarze
Wycofany Status egzemplarza Uszkodzony Dostępność Lokalizacja stała Lokalizacja bieżąca Miejsce przechowywania Sygnatura Kod kreskowy Dział Typ dokumentu
      Tylko na miejscu Biblioteka Politechniki Koszalińskiej Biblioteka Politechniki Koszalińskiej Czytelnia BG 84988 02389288 629.33 Samochody Książka
© 2023 Biblioteka Politechniki Koszalińskiej :: KOHA